| 000 | 00564cam a2200157 i 4500 | ||
|---|---|---|---|
| 082 |
_a627.23 _bHIG _cL-18, P-6 |
||
| 100 | 1 |
_aHiggins, George, _943988 |
|
| 245 | 1 | 0 |
_aWater channels / _cby George Higgins. |
| 260 |
_aLondon : _bC. Lockwood, _c1927. |
||
| 300 |
_aviii, 135 p., [3] fold. leaves of plates : _bill. ; _c29 cm. |
||
| 500 | _aImprint covered by label which reads: distributed by Mapleton House Publishers, Brooklyn, N. Y. | ||
| 526 |
_a0 _b0 _c0 _d627_230000000000000_HIG |
||
| 650 | 0 |
_aMCE _9379 |
|
| 650 | 0 |
_aStream measurements. _939981 |
|
| 942 |
_2ddc _cBK |
||
| 999 |
_c547849 _d547849 |
||